| 000 | 00361nam a2200133Ia 4500 | ||
|---|---|---|---|
| 008 | 240624s9999 xx 000 0 und d | ||
| 041 | _aeng | ||
| 082 | _a658.4092 ULR | ||
| 100 | _aULRICH DAVE | ||
| 245 | _aRESULTS BASED LEADERSHIP HOW LEADERS BUI | ||
| 260 |
_c1999 _aBoston _bHarvard Businesss School Press |
||
| 300 | _axiv, : 234 : p. : cm. ; 24 | ||
| 365 | _c | ||
| 999 |
_c6239 _d6239 |
||